[Event "SVR-ch MAT-I 35th"]
[Site "Nickenich"]
[Date "2012.04.06"]
[Round "8"]
[White "Bruziks, George"]
[Black "Kaiser, Nicolas"]
[Result "1-0"]
[WhiteElo "1891"]
[BlackElo "1485"]
[PlyCount "57"]
[EventDate "2012.03.30"]
[EventType "tourn"]
[EventRounds "9"]
[EventCountry "GER"]
[SourceTitle "EXT 2013"]
[Source "ChessBase"]
[SourceDate "2012.11.22"]
[SourceVersion "1"]
[SourceVersionDate "2012.11.22"]
[SourceQuality "1"]

1. e4 d5 2. exd5 Qxd5 3. Nc3 Qa5 4. d4 Nf6 5. Bc4 Bf5 6. Bd2 c6 7. Nf3 e6 8. Nd5 Qd8 9. Nxf6+ Qxf6 10. Bc3 Qg6 11. Nh4 Qg5 12. Nxf5 Qxf5 13. Qe2 Nd7 14. d5 cxd5 15. Bd3 Qg5 16. h4 Qe7 17. h5 h6 18. f4 0-0-0 19. 0-0-0 Nc5 20. Rhe1 Nxd3+ 21. Rxd3 Qd7 22. Be5 Bd6 23. Bxg7 Bxf4+ 24. Kb1 Rhg8 25. Bf6 Rde8 26. Qf2 Qa4 27. Qc5+ Bc7 28. Rc3 Qa5 29. Qxa5 1-0

[Event "SVR-ch MAT-I 35th"]
[Site "Nickenich"]
[Date "2012.03.31"]
[Round "2"]
[White "Kaiser, Nicolas"]
[Black "Knapp, Michael"]
[Result "0-1"]
[WhiteElo "1485"]
[BlackElo "2011"]
[PlyCount "42"]
[EventDate "2012.03.30"]
[EventType "tourn"]
[EventRounds "9"]
[EventCountry "GER"]
[SourceTitle "EXT 2013"]
[Source "ChessBase"]
[SourceDate "2012.11.22"]
[SourceVersion "1"]
[SourceVersionDate "2012.11.22"]
[SourceQuality "1"]

1. e4 e6 2. d4 d5 3. exd5 exd5 4. Nf3 Bd6 5. Bd3 Ne7 6. h3 Bf5 7. 0-0 0-0 8. Nc3 c6 9. Ne2 Qc7 10. c3 Nd7 11. Qc2 Bxd3 12. Qxd3 Rae8 13. Bg5 h6 14. Bh4 Ng6 15. Bg3 Nf6 16. Bxd6 Qxd6 17. Ng3 Ne4 18. Ne2 Re6 19. Rae1 Rfe8 20. Nd2 Nxd2 21. Qxd2 Qe7 0-1

[Event "SVR-ch MAT-I 35th"]
[Site "Nickenich"]
[Date "2012.03.30"]
[Round "1"]
[White "Akbar, Jamal"]
[Black "Kaiser, Nicolas"]
[Result "1-0"]
[WhiteElo "1852"]
[BlackElo "1485"]
[PlyCount "69"]
[EventDate "2012.03.30"]
[EventType "tourn"]
[EventRounds "9"]
[EventCountry "GER"]
[SourceTitle "EXT 2013"]
[Source "ChessBase"]
[SourceDate "2012.11.22"]
[SourceVersion "1"]
[SourceVersionDate "2012.11.22"]
[SourceQuality "1"]

1. d4 Nf6 2. Nf3 d5 3. c4 c6 4. e3 Bg4 5. Nc3 e6 6. Qb3 Qb6 7. Ne5 Qxb3 8. axb3 Bf5 9. c5 Nbd7 10. Nxd7 Nxd7 11. b4 e5 12. b5 exd4 13. exd4 Nf6 14. bxc6 bxc6 15. Ra6 Kd7 16. Na2 Kc7 17. Nb4 Bd7 18. Bf4+ Kb7 19. Rxc6 Re8+ 20. Be5 Rxe5+ 21. dxe5 Bxc6 22. exf6 Bxc5 23. Nxc6 Kxc6 24. fxg7 Rg8 25. Bd3 Rxg7 26. 0-0 f6 27. Re1 Rb7 28. Re6+ Bd6 29. h4 Rf7 30. g4 Kd7 31. Bf5 Kc7 32. h5 h6 33. Kg2 Kc6 34. Re8 Bf8 35. Bg6 1-0

[Event "SVR-op 34th"]
[Site "Reil"]
[Date "2011.04.22"]
[Round "6"]
[White "Kaiser, Nicolas"]
[Black "Melnikov, Valeri"]
[Result "0-1"]
[WhiteElo "1506"]
[BlackElo "1892"]
[PlyCount "36"]
[EventDate "2011.04.16"]
[EventType "swiss"]
[EventRounds "7"]
[EventCountry "GER"]
[SourceTitle "EXT 2013"]
[Source "ChessBase"]
[SourceDate "2012.11.22"]
[SourceVersion "1"]
[SourceVersionDate "2012.11.22"]
[SourceQuality "1"]

1. e4 e5 2. Nf3 Nc6 3. d4 exd4 4. Bc4 Nf6 5. 0-0 Bc5 6. e5 d5 7. Bb5 Ne4 8. Nxd4 Bd7 9. Nxc6 bxc6 10. Bd3 0-0 11. Bxe4 dxe4 12. Nc3 Bf5 13. Bf4 Qh4 14. Bg3 Qg5 15. Qe2 Qg6 16. Rfe1 e3 17. f3 Bxc2 18. Rac1 Bd3 0-1

[Event "SVR-op 33rd"]
[Site "Mendig"]
[Date "2010.03.27"]
[Round "1"]
[White "Goetz, Benjamin"]
[Black "Kaiser, Nicolas"]
[Result "1-0"]
[WhiteElo "1625"]
[BlackElo "1314"]
[PlyCount "41"]
[EventDate "2010.03.27"]
[EventType "swiss"]
[EventRounds "7"]
[EventCountry "GER"]
[SourceTitle "EXT 2011"]
[Source "ChessBase"]
[SourceDate "2010.11.26"]
[SourceVersion "1"]
[SourceVersionDate "2010.11.26"]
[SourceQuality "1"]

1. e4 e5 2. Bc4 Nf6 3. d3 Bc5 4. Bg5 0-0 5. Ne2 d6 6. c3 Nc6 7. d4 exd4 8. cxd4 Bb4+ 9. Nbc3 h6 10. Bxf6 Qxf6 11. 0-0 Bd7 12. Nd5 Qd8 13. Nef4 Ba5 14. a3 Ne7 15. Nxe7+ Qxe7 16. Ng6 Qg5 17. Nxf8 Bh3 18. Qf3 Bxg2 19. Qxg2 Qxg2+ 20. Kxg2 Rxf8 21. f4 1-0

[Event "SVR-op 33rd"]
[Site "Mendig"]
[Date "2010.03.27"]
[Round "2"]
[White "Kaiser, Nicolas"]
[Black "Boesten, Paul"]
[Result "1-0"]
[WhiteElo "1314"]
[BlackElo "1596"]
[PlyCount "35"]
[EventDate "2010.03.27"]
[EventType "swiss"]
[EventRounds "7"]
[EventCountry "GER"]
[SourceTitle "EXT 2011"]
[Source "ChessBase"]
[SourceDate "2010.11.26"]
[SourceVersion "1"]
[SourceVersionDate "2010.11.26"]
[SourceQuality "1"]

1. e4 e5 2. Nf3 Nc6 3. d4 exd4 4. Bc4 Bc5 5. c3 Nf6 6. e5 Qe7 7. cxd4 Bb4+ 8. Nc3 d6 9. 0-0 dxe5 10. dxe5 Bxc3 11. bxc3 Ne4 12. Qc2 Nc5 13. Bg5 f6 14. exf6 gxf6 15. Rfe1 Be6 16. Nd4 Nxd4 17. cxd4 fxg5 18. dxc5 1-0